Introduction to humanities: (Record no. 275)

MARC details
000 -LEADER
fixed length control field 00670nam a22001937a 4500
005 - DATE AND TIME OF LATEST TRANSACTION
control field 20230523073418.0
008 - FIXED-LENGTH DATA ELEMENTS--GENERAL INFORMATION
fixed length control field 221125b |||||||| |||| 00| 0 eng d
020 ## - INTERNATIONAL STANDARD BOOK NUMBER
International Standard Book Number 971-08-0598-3
082 ## - DEWEY DECIMAL CLASSIFICATION NUMBER
Classification number 001.3 D287 1970
100 ## - MAIN ENTRY--PERSONAL NAME
Personal name Bogart, Doris Van D.
Relator term author
245 ## - TITLE STATEMENT
Title Introduction to humanities:
Remainder of title Painting, sculpture, architecture, music and literature /
Statement of responsibility, etc. Doris Van De Bogart
260 ## - PUBLICATION, DISTRIBUTION, ETC.
Place of publication, distribution, etc. New York:
Name of publisher, distributor, etc. Barnes & Noble,
Date of publication, distribution, etc. c1970.
300 ## - PHYSICAL DESCRIPTION
Extent xviii, 422p.;
Other physical details ill.
504 ## - BIBLIOGRAPHY, ETC. NOTE
Bibliography, etc. note Includes bibliographies and index
505 ## - FORMATTED CONTENTS NOTE
Formatted contents note Originally Published: Barnes and Noble, 1968
541 ## - IMMEDIATE SOURCE OF ACQUISITION NOTE
Accession number 1198 c.1, 1199 c.2, 5358 c.3, 5359 c.4
650 ## - SUBJECT ADDED ENTRY--TOPICAL TERM
Topical term or geographic name entry element Humanities
650 ## - SUBJECT ADDED ENTRY--TOPICAL TERM
Topical term or geographic name entry element Arts
Holdings
Withdrawn status Lost status Source of classification or shelving scheme Damaged status Not for loan Home library Current library Date acquired Total Checkouts Full call number Barcode Date last seen Copy number Price effective from Koha item type
    Dewey Decimal Classification     ctu-moalboal ctu-moalboal 06/13/2011   001.3 D287 1970 1198 11/25/2022 1 11/25/2022 Books-Reference
    Dewey Decimal Classification     ctu-moalboal ctu-moalboal 06/13/2011   001.3 D287 1970 1199 11/25/2022 2 11/25/2022 Books-Reference
    Dewey Decimal Classification     ctu-moalboal ctu-moalboal 05/03/2018   001.3 D287 1970 5358 11/25/2022 3 11/25/2022 Books-Reference
    Dewey Decimal Classification     ctu-moalboal ctu-moalboal 06/13/2011   001.3 D287 1970 5359 11/25/2022 4 11/25/2022 Books-Reference